Статья Сорокина П. А. "Проблема новой социальной педагогики". Корректура

RUSMARC
00005359nac2a22003613x 450
001ed9c26c2-b5d9-4fe8-988c-6e2cff736616
00520250729164700.0
100##$a20250616l1904 k y0rusy50 ca
1010#$arus
102##$aRU
105##$ay z |||||
1222#$ad19041231
$ad19211231
2001#$aСтатья Сорокина П. А. "Проблема новой социальной педагогики". Корректура
$j[19--]
215##$a4 листа
$d31,8 х 24,5
251##$cДело
300##$aЗаголовок дела на папке: Статья Сорокина П. А. "Проблема новой социальной педагогики" (корректура)
300##$aНа папке дела: б/д
300##$aЛисты: 1-4 - поврежденные
300##$aНапечатано типографским способом с рукописными пометками
330##$aВходит в раздел описи: 1. Личные документы и документальные материалы научной деятельности Сорокина Питирима Александровича
461#0$1001a1ed3e49-10dd-4e8f-a33a-515d296dfaa5
$12001
$aСорокин Питирим Александрович, ученый-социолог, публицист, член партии социалистов-революционеров
$1251
$cФонд
$1852
$j602
462#0$1001fc724b75-58e4-4009-a4db-55a51343ea69
$12001
$aДела постоянного хранения. 1904-1921 г.
$vД. 23
$1251
$cОпись
$1852
$j1
5171#$aСтатья Сорокина П. А. "Проблема новой социальной педагогики" (корректура)
600#1$aСорокин
$bП. А.
$gПитирим Александрович
605##$3DITM\AF\0000004166
$aРоссия в лицах
$lколлекция
$2acquisition_prlib
605##$3DITM\AF\0000003834
$aНарод
$lколлекция
$2acquisition_prlib
6101#$aСоциальная педагогика
$aПроблемы
686##$a63.3(2)60.51(0)6ю1
$cИстория
$2rubbk
686##$a60.51(2)ю1
$cСоциальные науки в целом
$2rubbk
700#1$aСорокин
$bП. А.
$gПитирим Александрович
801#0$aRU
$bGA_RF
801#1$aRU
$bГлавНИВЦ
$c20250616
$2rusmarc
801#2$aRU
$bПБ им. Б.Н. Ельцина
$c20250729
$gRCR
$2rusmarc
852##$aГА РФ
$j23
937##$d197648176
$hГАРФ
035##$aRuPRLIB51079912
856##$uhttp://readingroom.main.prlib.ru/item.aspx?id_node=n197648176&mode=full
Формат отображения